Central Library OPAC University of Rajshahi

Child psychology / (Record no. 30999)

MARC details
000 -LEADER
fixed length control field 00802nam a22002413a 4500
001 - CONTROL NUMBER
control field 30999
003 - CONTROL NUMBER IDENTIFIER
rucl marc code BD-RjUL
005 - DATE AND TIME OF LATEST TRANSACTION
control field 20211209051640.0
008 - FIXED-LENGTH DATA ELEMENTS--GENERAL INFORMATION
fixed length control field 140413r19511938xx 001 0 und d
035 ## - SYSTEM CONTROL NUMBER
System control number (BD-RjUL)31086
040 ## - CATALOGING SOURCE
Original cataloging agency UkOxU
Language of cataloging eng
Transcribing agency BD-RjUL
Modifying agency BD-RjUL
041 ## - LANGUAGE CODE
Language code of text/sound track or separate title eng
082 ## - DEWEY DECIMAL CLASSIFICATION NUMBER
Classification number 370.15
Author mark and year BRC 1951
100 1# - MAIN ENTRY--PERSONAL NAME
Personal name Brooks, Fowler D.
Fuller form of name (Fowler Dell),
Dates associated with a name 1885-
9 (RLIN) 94233
245 10 - TITLE STATEMENT
Title Child psychology /
Statement of responsibility, etc. by Fowler D. Brooks with the collaboration of Laurance F. Shaffer
260 ## - PUBLICATION, DISTRIBUTION, ETC. (IMPRINT)
Place of publication, distribution, etc. Boston :
Name of publisher, distributor, etc. Houghton Mifflin,
Date of publication, distribution, etc. 1938 [printing 1951]
300 ## - PHYSICAL DESCRIPTION
Pagination xxvii, 600 p. :
Illustrations ill. ;
Size 23 cm
504 ## - BIBLIOGRAPHY, ETC. NOTE
Bibliography, etc "Additional references" p.559-581
Bibliography, etc Includes index: p. 587-600; and glossary p.583-585
650 #0 - SUBJECT ADDED ENTRY--TOPICAL TERM
Topical term or geographic name as entry element Child psychology
9 (RLIN) 94234
700 1# - ADDED ENTRY--PERSONAL NAME
Personal name Shaffer, L. F.
942 ## - ADDED ENTRY ELEMENTS (KOHA)
Source of classification or shelving scheme Dewey Decimal Classification
Koha item type Books
Holdings
Lost status Source of classification or shelving scheme Damaged status Not for loan Collection code Permanent Location Current Location Shelving location Date acquired Total Checkouts Full call number Date last seen Copy number Koha item type
  Dewey Decimal Classification     Non-fiction Central Library, University of Rajshahi Central Library, University of Rajshahi   13/04/2014   370.15 BRC 1951 13/04/2014 C-2 Books